| 000 | 00497cam a2200205ua 4500 | ||
|---|---|---|---|
| 001 | 7322 | ||
| 008 | 141206n ii |||gr||||Z||||||ben | ||
| 020 | _a8129504901 | ||
| 040 | _cMAIN | ||
| 041 | _aben | ||
| 082 | _a891.443 | ||
| 100 |
_aGuha, B., _eAuthor. |
||
| 245 |
_aRibhu : _bPart I-IV / _cBy Buddhadeb Guha . |
||
| 250 | _a1st. | ||
| 260 |
_aCalcutta: _bDey, _c2006. |
||
| 300 | _a656p. | ||
| 653 | _aEast Indo-European & Celtic literatures | ||
| 653 | _aBengali novels | ||
| 942 | _cBK | ||
| 999 |
_c6447 _d6447 |
||